00325nam a2200133Ia 4500008004100000041000800041082001200049100001500061245004500076250001400121260003200135300001700167365000700184240624s9999 xx 000 0 und d aeng a332 LAN aLANG EVA M aBEST WEBSITES FOR FINANCIAL PROFESSIONAL a(2nd ed.) c2003aNew JersybJohn Wiley axxvii, : 244 cRS